aew wrestlers - Statistics

General Stats
  • This quiz has been taken 26 times
  • The average score is 44 of 118
Answer Stats
Hint Answer % Correct
Bay Bay Adam Cole
87%
Cowboy Adam Page
83%
Half of Young Bucks Matt Jackson
78%
Half of Lucha Bros Penta El Zero M
78%
Teamed with Edge in WWE Christian Cage
74%
Leader of House of black Malakai Black
74%
American Dragon Bryan Danielson
70%
The Wizard Chris Jericho
70%
All Ego Ethan Page
70%
The exalted one Mr Brodie Lee
70%
Half of Young Bucks Nick Jackson
70%
American Nightmare Cody Rhodes
65%
The Natural Dustin Rhodes
65%
Jack perry Jungle boy
65%
Leader of the elite Kenny omega
65%
Orange Punch Orange Cassidy
65%
the machine Brian Cage
61%
Broken Matt Hardy
61%
Big guy from house of black Brody king
57%
House of black member Buddy Matthews
57%
Member Of FTR Cash Wheeler
57%
Tazs son Hook
57%
Dinosaur Luchasaurus
57%
The bas***d Pac
57%
Half of Lucha Bros Rey Fenix
57%
WWE hall of famer/ Friends with Darby Allin Sting
57%
Paints Half her face like a sugar skull Thunder Rosa
57%
Queenslayer Anna Jay
52%
evil ___ Evil Uno
52%
First TBS champion Jade Cargill
52%
Bask in his glory Keith Lee
52%
Spanish God Sammy guevara
52%
Partner of the blade The butcher
52%
Half of Thunder Storm Toni Storm
52%
Billy gunns younger son Austin Gunn
48%
Bada** _____ ____ Billy Gunn
48%
Austin Gunns older son Colten Gunn
48%
Half of Private party Isiah Kassidy
48%
Funny guy from dark order John Silver
48%
unscripted ___ Violence Mox
48%
Santanas tag team partner Ortiz
48%
WHOS HOUSE ______ HOUSE Swerve Strickland
48%
Wardog Wardlow
48%
Part of BlackPool combat club/ former best friend Wheeler Yuta
48%
Married to the Blade Bunny
43%
Swiss guy from blackpool combat club Claudio Castagnoli
43%
Hayters gonna hate Jamie Hayter
43%
Worlds strongest Man Mark Henry
43%
Platinum Max caster
43%
Reedemer Miro
43%
Longest reining ftw champion Ricky Starks
43%
Married to the bunny The Blade
43%
Half of Redragon Bobby Fish
39%
First part of his name means c-hick m-agnet CM Punk
39%
Member of FTR Dax Harwood
39%
Powerhouse of JAS Jake Hager
39%
Galaxys Greatest Alien Kris Statlander
39%
Samoan submission machine Samoa Joe
39%
Ortizs tag partner Santana
39%
Manager of Blackpool combat club William Regal
39%
Son of Arn Anderson Brock Anderson
35%
Half dead Darby Allin
35%
Lethal Injection Jay Lethal
35%
Murderhawk monster Lance Archer
35%
Living Dead Girl Abadon
30%
Tag team with John silver Alex Reynolds
30%
five tool player Anthony Bowens
30%
Flyin _____ Brian Pillman Jr
30%
The Kentucky Gentleman Chuck Taylor
30%
Mad king Eddie Kingston
30%
Daddy Magic Matt Menard
30%
Pretty Peter Avalon
30%
Half of men of the year Scorpio Sky
30%
The Chairman Shawn Spears
30%
Brazilian Goddess Tay Conti
30%
Premier athlete Tony Nese
30%
Wears a mask like black mask from dc Andrade
26%
Doctor Britt Baker DMD
26%
Very evil Danhausen
26%
Betrayed Ricky Starks after he lost the ftw belt Powerhouse Hobbs
26%
Number 10 Pres10 Vance
26%
Not Reba Rebel
26%
The Runaway Ruby Soho
26%
Cool hand Angelo Parker
22%
Red death Daniel Garcia
22%
He is best friends with Sammy guevara Fuego del sol
22%
Superbad Kip Sabian
22%
Half of Redragon Kyle Oreily
22%
Mr funsize Marko Stunt
22%
Brodie Lees son Negative 1
22%
No more bs Paul Wight
22%
The professor Serena Deeb
22%
? Trent Beretta
22%
Boom Boom Colt Cabana
17%
Half of varsity blonds Griff Garrison
17%
Half of Private party Marq quen
17%
Leader of factory QT Marshall
17%
Sprays cold spray Brandon Cutler
13%
bad boy Joey Janela
13%
Legit Leyla Hirsch
13%
Small guy in factory AAron Solo
9%
#5 Alan Angels
9%
The Guv'Nor Anthony Ogogo
9%
Kris Statlanders friend Athena
9%
Elite hunter Frankie Kazarian
9%
The librarian Leva Bates
9%
Smart Mark Sterling
9%
Big guy from Factory Nick Comoroto
9%
The bad girl Penelope Ford
9%
Part of Chaos factory Serpentico
9%
Captain Shawn Dean
9%
The Concrete Rose Sonny Kiss
9%
Jade Cargills manager Stokely Hathaway
9%
Angel Dorado Dante martin
4%
Air wolf Darius Martin
4%
Had a 50 match win streak Hikaru shida
4%
Big Shotty Lee Johnson
4%
Girl from American Top Team Paige VanZant
4%
No matching quizzes found
Score Distribution
Percent of People with Each Score
Percentile by Number Answered
Your Score History
You have not taken this quiz